|
|
|
|
| LEADER |
01166cam a2200277 7i4500 |
| 001 |
0000019697 |
| 005 |
20171117090000.0 |
| 008 |
080502 eng |
| 020 |
|
|
|a 9780619159313 (pbk.)
|
| 020 |
|
|
|a 0619159316 (pbk.)
|
| 090 |
0 |
0 |
|a QA76.5
|b .S54 2003
|
| 100 |
1 |
|
|a Skelton, Gordon W.,
|c Dr
|
| 245 |
1 |
0 |
|a Wireless application development
|c Dr. Gordon W. Skelton.
|
| 260 |
|
|
|a Australia:
|b Thomson/Course Technology,
|c 2003.
|
| 300 |
|
|
|a xxvi, 416 p.:
|b ill.;
|c 24 cm..
|
| 490 |
0 |
|
|a Web Warrior series
|
| 500 |
|
|
|a Includes index
|
| 501 |
|
|
|a With CD-ROM : Wireless application development
|
| 650 |
0 |
0 |
|a Mobile computing
|
| 997 |
|
|
|a Engineering & Life Sciences, Faculty
|b Engineering, Department
|
| 997 |
|
|
|a Communication, Visual Art & Computing, Faculty
|b Computing, Department
|
| 999 |
|
|
|a 0000030752
|b BOK
|c OPEN SHELF
|e 2nd Floor, Bestari Jaya
|
| 999 |
|
|
|a 0000031009
|b BOK
|c OPEN SHELF
|e 2nd Floor, Bestari Jaya
|
| 999 |
|
|
|a 0000031010
|b BOK
|c OPEN SHELF
|e 2nd Floor, Bestari Jaya
|
| 999 |
|
|
|a CDR0000765
|b CD-ROM
|c OPEN SHELF
|e Circulation Counter, Bestari Jaya
|
| 999 |
|
|
|a CDR0000773
|b CD-ROM
|c OPEN SHELF
|e Circulation Counter, Bestari Jaya
|